[Event "SRB Central-ch op-B 9th"]
[Site "Paracin"]
[Date "2016.07.07"]
[Round "1"]
[White "Ostojic, Milos R"]
[Black "Celik, Eda"]
[Result "0-1"]
[WhiteElo "2025"]
[BlackElo "1680"]
[PlyCount "90"]
[EventDate "2016.07.07"]
[EventType "swiss"]
[EventRounds "9"]
[EventCountry "SRB"]
[SourceTitle "CBM 173 Extra"]
[Source "ChessBase"]
[SourceDate "2016.08.29"]
[SourceVersion "1"]
[SourceVersionDate "2016.08.29"]
[SourceQuality "1"]

1. e4 e5 2. Nf3 Nc6 3. Bc4 Nf6 4. d3 Bc5 5. c3 d6 6. Bb3 a6 7. Bg5 Ba7 8. Nbd2 0-0 9. Nf1 h6 10. Be3 Bxe3 11. Nxe3 Be6 12. Bc2 d5 13. Qe2 dxe4 14. dxe4 Qe7 15. Nh4 g6 16. g4 Rad8 17. Nhg2 Qc5 18. h4 b5 19. Qf3 Kg7 20. h5 Nh7 21. Nh4 Ng5 22. Qe2 b4 23. Nd1 bxc3 24. bxc3 Nb4 25. Bb3 Nd3+ 26. Kf1 Nf4 27. Qe3 Qb5+ 28. c4 Bxc4+ 29. Bxc4 Qxc4+ 30. Kg1 Qc2 31. Nc3 Qxc3 32. Qxc3 Ne2+ 33. Kf1 Nxc3 34. Kg2 Ncxe4 35. Rac1 Rd2 36. Rhf1 Ne6 37. Rc6 Rxa2 38. hxg6 Nf4+ 39. Kg1 fxg6 40. Rxc7+ Rf7 41. Rc6 a5 42. Re1 Nxf2 43. Rxe5 Nxg4 44. Re1 g5 45. Nf3 Rg2+ 0-1

[Event "Nis Pantelej op 3rd"]
[Site "Nis"]
[Date "2015.08.07"]
[Round "6"]
[White "Ostojic, Milos R"]
[Black "Zdravkovic, Dragan S"]
[Result "1-0"]
[WhiteElo "2030"]
[BlackElo "1815"]
[PlyCount "109"]
[EventDate "2015.08.04"]
[EventType "swiss"]
[EventRounds "9"]
[EventCountry "SRB"]
[SourceTitle "EXT 2016"]
[Source "ChessBase"]
[SourceDate "2015.10.08"]
[SourceVersion "1"]
[SourceVersionDate "2015.10.08"]
[SourceQuality "1"]

1. e4 e6 2. d4 d5 3. exd5 exd5 4. c3 Bd6 5. Bd3 Nf6 6. Bg5 h6 7. Bh4 0-0 8. Ne2 Re8 9. Nd2 c6 10. Qc2 a5 11. Bg3 Bg4 12. f3 Be6 13. 0-0 Bf5 14. Bxf5 Rxe2 15. Bd3 Re8 16. Bh4 Nbd7 17. Rad1 Qc7 18. h3 g5 19. Bf2 Nh5 20. Rfe1 Bh2+ 21. Kh1 Bg3 22. Nf1 Bxf2 23. Qxf2 Ndf6 24. g3 Qd7 25. Kg2 Qc7 26. Ne3 Kh8 27. Nf5 Ng8 28. Bb1 Re6 29. Re2 Rae8 30. Rde1 b6 31. Re3 c5 32. Qd2 Ngf6 33. a3 c4 34. Qf2 Ng8 35. R1e2 b5 36. Qe1 Qd7 37. Re5 Qc6 38. h4 gxh4 39. Nxh4 Ng7 40. f4 Nf6 41. Nf3 Ne4 42. Nd2 f5 43. Nf3 Rg6 44. Bxe4 dxe4 45. Nh4 Rg4 46. Re3 Rf8 47. Qe2 h5 48. Rc5 Qf6 49. Kh3 Qb6 50. a4 bxa4 51. Rxc4 Qh6 52. Rxa4 Ne6 53. Qf2 Nxf4+ 54. gxf4 Rxf4 55. Qxf4 1-0

[Event "Nis op-B"]
[Site "Nis"]
[Date "2015.04.22"]
[Round "4"]
[White "Ostojic, Milos R"]
[Black "Ivanovic, Veljko"]
[Result "1-0"]
[WhiteElo "2002"]
[BlackElo "1978"]
[PlyCount "75"]
[EventDate "2015.04.20"]
[EventType "swiss"]
[EventRounds "9"]
[EventCountry "SRB"]
[SourceTitle "CBM 166 Extra"]
[Source "ChessBase"]
[SourceDate "2015.06.18"]
[SourceVersion "1"]
[SourceVersionDate "2015.06.18"]
[SourceQuality "1"]

1. e4 g6 2. d4 Bg7 3. Nf3 c5 4. c3 cxd4 5. cxd4 Nf6 6. Nc3 d6 7. h3 0-0 8. Bd3 a6 9. a4 Nc6 10. 0-0 Nd7 11. Be3 Nb4 12. Bc4 a5 13. Rc1 b6 14. Qd2 Bb7 15. Bg5 Rc8 16. Nb5 Nb8 17. Rfe1 N8c6 18. Bb3 Qd7 19. Bh6 Na6 20. Qf4 Nc7 21. Nxc7 Rxc7 22. Qh4 e5 23. dxe5 dxe5 24. Ng5 Nd4 25. Rxc7 Qxc7 26. Ba2 Bc8 27. Bxg7 Kxg7 28. Qxh7+ Kf6 29. Qh6 Ke7 30. Nh7 Rd8 31. Qg5+ Ke8 32. Nf6+ Kf8 33. Qh6+ Ke7 34. Nd5+ Rxd5 35. exd5 Ba6 36. Qg5+ f6 37. Qxg6 Ne2+ 38. Kh1 1-0

[Event "Nis op-B"]
[Site "Nis"]
[Date "2015.04.21"]
[Round "2"]
[White "Ostojic, Milos R"]
[Black "Stanojevic, Ilija"]
[Result "1-0"]
[WhiteElo "2002"]
[BlackElo "1886"]
[PlyCount "51"]
[EventDate "2015.04.20"]
[EventType "swiss"]
[EventRounds "9"]
[EventCountry "SRB"]
[SourceTitle "CBM 166 Extra"]
[Source "ChessBase"]
[SourceDate "2015.06.18"]
[SourceVersion "1"]
[SourceVersionDate "2015.06.18"]
[SourceQuality "1"]

1. e4 e6 2. d4 d5 3. Nc3 Bb4 4. e5 c5 5. a3 Bxc3+ 6. bxc3 Ne7 7. Qg4 Qc7 8. Qxg7 Rg8 9. Qxh7 cxd4 10. Ne2 dxc3 11. f4 Nbc6 12. Qd3 Nf5 13. h3 Qe7 14. Rg1 Qc5 15. g4 Nfd4 16. Rg3 Nxe2 17. Bxe2 d4 18. Rb1 a6 19. h4 b5 20. Bf3 Bd7 21. h5 Rd8 22. h6 Na5 23. h7 Rh8 24. g5 Qe7 25. g6 Qh4 26. Kf2 1-0

[Event "Nis Svetosavski op 4th"]
[Site "Nis"]
[Date "2014.02.22"]
[Round "3"]
[White "Ostojic, Milos R"]
[Black "Todorovic, Nenad I"]
[Result "0-1"]
[WhiteElo "1902"]
[BlackElo "2121"]
[PlyCount "102"]
[EventDate "2014.02.21"]
[EventType "swiss"]
[EventRounds "5"]
[EventCountry "SRB"]
[SourceTitle "CBM 159 Extra"]
[Source "ChessBase"]
[SourceDate "2014.04.24"]
[SourceVersion "1"]
[SourceVersionDate "2014.04.24"]
[SourceQuality "1"]

1. e4 c5 2. c3 d5 3. exd5 Qxd5 4. d4 Nc6 5. Nf3 Bf5 6. Be3 Nf6 7. dxc5 Qxd1+ 8. Kxd1 Ng4 9. Bb5 e5 10. b4 g6 11. h3 Nxe3+ 12. fxe3 Bh6 13. Ke2 0-0-0 14. Bxc6 Bd3+ 15. Kf2 bxc6 16. Re1 Rhe8 17. a4 a6 18. Nbd2 f5 19. Ra2 e4 20. Nd4 f4 21. Kg1 Bg5 22. Nxc6 Bh4 23. Raa1 fxe3 24. Rxe3 Bg5 25. Rae1 Bxe3+ 26. Rxe3 Rd7 27. Nf3 Kc7 28. Nfd4 Rf7 29. b5 axb5 30. axb5 Rf1+ 31. Kh2 Bxb5 32. Nxb5+ Kxc6 33. Nd6 Re5 34. Rxe4 Rxe4 35. Nxe4 Kd5 36. Ng5 h6 37. Nf3 Kxc5 38. h4 Kd5 39. c4+ Ke6 40. c5 Rc1 41. c6 Kf6 42. Kg3 Rxc6 43. Nh2 Kf5 44. Nf3 Rc3 45. Kf2 Kf4 46. g3+ Ke4 47. Nd2+ Kf5 48. Nf1 Kg4 49. Nh2+ Kh3 50. Nf1 h5 51. Ne3 Rxe3 0-1